Normal view
MARC view
- الادارة العامة -التطوير الاداري
Entry Topical Term
001 - CONTROL NUMBER
- control field: 16409
003 - CONTROL NUMBER IDENTIFIER
- control field: JO-AjAnu
005 - DATE AND TIME OF LATEST TRANSACTION
- control field: 20230606072921.0
008 - FIXED-LENGTH DATA ELEMENTS
- fixed length control field: 230606|| aca||aabn | a|a d
040 ## - CATALOGING SOURCE
- Original cataloging agency: JO-AjAnu
- Transcribing agency: JO-AjAnu
150 ## - HEADING--TOPICAL TERM
- Topical term or geographic name entry element: الادارة العامة -التطوير الاداري
670 ## - SOURCE DATA FOUND
- Source citation: Work cat.: (JO-AjAnu)8422: تأليف: المبيضين، عقلة محمد يوسف / م.مشارك: وليد مجلي العواودة, author 16408, الادارة الحديثة: التطور والمفاهيم والوظائف=Modern Management: Evolution,Concepts and functions